Nouvelles stations tram Caen 2028 - Statistiques

Statistiques générales
  • Ce quiz a été pris 29 fois
  • Le résultat moyen est 8 sur 17
Statistiques - réponses
Réponse % Correct
Zenith - Palaisdes sports
79%
Chemin vert
74%
Stade d'Ornano
74%
Théâtre
74%
Hôtel de Ville
68%
Prairie
58%
Venoix
47%
Beaulieu
42%
Saint-Contest Athena
42%
Caponière
37%
Colline aux oiseaux
32%
Detolle
26%
Haie Vigné
26%
Pompidou
26%
Stockholm
21%
Molière
16%
Dunois
11%
Aucun quiz correspondant
Distribution des résultats
% des personnes avec chaque résultat
Percentile par nombre de réponses
Votre historique - résultats
Vous n’avez pas pris ce quiz